000 00619nam a22002177a 4500
003 OSt
005 20210420110905.0
008 201214s1966 ||||| |||| 00| 0 eng d
040 _aeng
_beng
_cDLC
_deng
041 _aeng
080 _a821.111
_bC-25
100 _9478
_aCarr, Lorraine
245 _aTo the Philippines with Love
_c/ by: Sherbourne Press Inc
250 _a1st edition
260 _aLos Angeles
_bSherbourne Press Inc
_c1966
300 _a254 p.
365 _b4.95 usd
650 0 _9247
_aEnglish literature
653 _aინგლისური ლიტერატურა
942 _2udc
_cBK
_e1
999 _c588
_d588